| 000 | 00396nam a2200133 4500 | ||
|---|---|---|---|
| 999 |
_c8824 _d8824 |
||
| 003 | OSt | ||
| 005 | 20210223123752.0 | ||
| 008 | 210223b ||||| |||| 00| 0 eng d | ||
| 020 | _a9781614275244 | ||
| 082 |
_a711.4 _bSIT |
||
| 245 | _aThe art of building cities/city building according to its artistic fundamentals | ||
| 260 |
_aNew York _bMartino publishing mansfield centre,CT _c2013 |
||
| 942 | _2ddc | ||